[Event "Seattle Seafair op"]
[Site "Seattle"]
[Date "2008.??.??"]
[Round "3"]
[White "Dandekar, Pranav"]
[Black "Kelly, David J"]
[Result "1-0"]
[WhiteElo "1738"]
[BlackElo "1997"]
[PlyCount "79"]
[EventDate "2008.08.15"]
[EventType "swiss"]
[EventRounds "5"]
[EventCountry "USA"]
[SourceTitle "EXT 2017"]
[Source "ChessBase"]
[SourceDate "2016.10.25"]
[SourceVersion "1"]
[SourceVersionDate "2016.10.25"]
[SourceQuality "1"]

1. e4 e6 2. d4 d5 3. Nd2 c5 4. c3 Nc6 5. Ngf3 cxd4 6. Nxd4 Nxd4 7. cxd4 dxe4 8. Nxe4 Bb4+ 9. Nc3 Bd7 10. Qb3 Qb6 11. Be3 Rc8 12. Rc1 Ne7 13. a3 Bxc3+ 14. Rxc3 Qxb3 15. Rxb3 b6 16. Bd3 Nd5 17. 0-0 Ba4 18. Bb5+ Bxb5 19. Rxb5 Nxe3 20. fxe3 Ke7 21. a4 Rc2 22. a5 Rd8 23. axb6 axb6 24. Rxb6 f6 25. Ra1 Rdc8 26. Ra7+ R8c7 27. Rxc7+ Rxc7 28. Kf2 Kd7 29. b4 Rc6 30. Rb5 Kd6 31. Kf3 g6 32. Rc5 Rb6 33. b5 Kd7 34. Ke4 Kd6 35. g4 g5 36. Kd3 Rb7 37. Kc4 Rc7 38. b6 Rxc5+ 39. dxc5+ Kc6 40. e4 1-0

[Event "Seattle Seafair op"]
[Site "Seattle"]
[Date "2008.??.??"]
[Round "4"]
[White "Watts, Peter Owen"]
[Black "Dandekar, Pranav"]
[Result "1-0"]
[WhiteElo "1905"]
[BlackElo "1738"]
[PlyCount "41"]
[EventDate "2008.08.15"]
[EventType "swiss"]
[EventRounds "5"]
[EventCountry "USA"]
[SourceTitle "EXT 2017"]
[Source "ChessBase"]
[SourceDate "2016.10.25"]
[SourceVersion "1"]
[SourceVersionDate "2016.10.25"]
[SourceQuality "1"]

1. e4 e5 2. Nf3 Nc6 3. d4 exd4 4. Nxd4 d6 5. Bc4 Nf6 6. Bg5 Be7 7. Nf5 Bxf5 8. exf5 0-0 9. Nc3 Ne4 10. Bxe7 Qxe7 11. Nd5 Qh4 12. 0-0 Nxf2 13. Rxf2 Qxc4 14. f6 Ne5 15. Qd2 Ng6 16. Ne3 Qc5 17. Nf5 Rfe8 18. Nh6+ Kf8 19. fxg7+ Kxg7 20. b4 Qe3 21. Nf5+ 1-0